戦前市制サドンデス - Statistics

General Stats
  • This quiz has been taken 101 times
  • The average score is 6 of 25
Answers on the Grid
Answers color-coded by a green-red scale on the quiz's grid according to % correct below.
荒尾市
(熊本県)
泉大津市
(大阪府)
糸満市
(沖縄県)
伊万里市
(佐賀県)
岩見沢市
(北海道)
魚津市
(富山県)
宇治市
(京都府)
歌志内市
(北海道)
大館市
(秋田県)
岡谷市
(長野県)
小浜市
(福井県)
海南市
(和歌山県)
柏崎市
(新潟県)
釜石市
(岩手県)
木更津市
(千葉県)
行田市
(埼玉県)
桐生市
(群馬県)
倉吉市
(鳥取県)
桑名市
(三重県)
江津市
(島根県)
五所川原市
(青森県)
小林市
(宮崎県)
小松市
(石川県)
小松島市
(徳島県)
西条市
(愛媛県)
坂出市
(香川県)
酒田市
(山形県)
相模原市
(神奈川県)
佐野市
(栃木県)
島原市
(長崎県)
白河市
(福島県)
白石市
(宮城県)
宿毛市
(高知県)
洲本市
(兵庫県)
関市
(岐阜県)
瀬戸市
(愛知県)
立川市
(東京都)
玉野市
(岡山県)
土浦市
(茨城県)
中津市
(大分県)
長門市
(山口県)
彦根市
(滋賀県)
府中市
(東京都)
富士宮市
(静岡県)
富士吉田市
(山梨県)
枕崎市
(鹿児島県)
三原市
(広島県)
守口市
(大阪府)
大和郡山市
(奈良県)
八女市
(福岡県)
 
Answer Stats
Answer % Correct
彦根市
(滋賀県)
37%
桐生市
(群馬県)
33%
荒尾市
(熊本県)
32%
岩見沢市
(北海道)
32%
酒田市
(山形県)
32%
桑名市
(三重県)
30%
釜石市
(岩手県)
29%
洲本市
(兵庫県)
27%
泉大津市
(大阪府)
25%
岡谷市
(長野県)
25%
立川市
(東京都)
24%
柏崎市
(新潟県)
22%
土浦市
(茨城県)
22%
小松市
(石川県)
21%
坂出市
(香川県)
21%
海南市
(和歌山県)
19%
木更津市
(千葉県)
19%
瀬戸市
(愛知県)
19%
中津市
(大分県)
19%
西条市
(愛媛県)
17%
佐野市
(栃木県)
16%
富士宮市
(静岡県)
16%
島原市
(長崎県)
14%
玉野市
(岡山県)
14%
三原市
(広島県)
10%
No matching quizzes found
Score Distribution
Percent of People with Each Score
Percentile by Number Answered
Your Score History
You have not taken this quiz